Principios de control de producción
Sparad:
| Huvudupphovsman: | |
|---|---|
| Materialtyp: | Bok |
| Språk: | spanska |
| Publicerad: |
Bilbao
Deusto
1967
|
| Serie: | Manuales Prácticos de Gestión de Empresas. Serie C, 1
|
| Ämnen: | |
| Taggar: |
Lägg till en tagg
Inga taggar, Lägg till första taggen!
|
MARC
| LEADER | 00000nam a2200000 a 4500 | ||
|---|---|---|---|
| 001 | UCQ1085 | ||
| 003 | CL-VaPUC | ||
| 008 | 980709e19670000SP |||||||||||||||||spa|d | ||
| 082 | 0 | 4 | |a 658.5 |b ARJ |2 21 |
| 100 | 0 | |a Arjona Ciria, Antonio |e author |9 414629 | |
| 245 | 1 | 0 | |a Principios de control de producción |
| 300 | |a 136 p | ||
| 942 | |c BK | ||
| 945 | |d 19980709 00:00:00 |a cmena | ||
| 260 | |a Bilbao |b Deusto |c 1967 | ||
| 650 | 0 | |a Producción |9 263680 | |
| 650 | 0 | |a Administración de empresas |9 260833 | |
| 650 | 7 | |a PLANIFICACION Y CONTROL |2 CL-VaPUC |9 414630 | |
| 650 | 0 | |a Operaciones administrativas |9 335045 | |
| 583 | |a last modification |c 19980709 00:00:00 |k Rodrigo Vera | ||
| 490 | 0 | |a Manuales Prácticos de Gestión de Empresas. Serie C, 1 | |
| 999 | |c 272089 |d 272087 | ||
| 952 | |0 0 |1 0 |4 0 |6 658_500000000000000_ARJ_1967 |7 0 |8 A |9 306944 |a BIBGIM |b BIBGIM |d 2019-11-20 |i 1430998 |o 658.5 ARJ 1967 |p 1430998 |r 2025-01-15 |w 2019-11-20 |y BK |k COM | ||